书目信息 |
| 书名: | Sports camp | |
| 作者: | Rich Wallace | |
| 分册号: | ||
| 分册名: | 出版地: | New York |
|
| 出版社: | Alfred A. Knopf | |
| 出版时间: | 2010 | |
| 页数: | 149p | |
| 开本: | 21cm | |
| 丛书名: | ||
| 中图分类号: | ||
| 科图分类号: | ||
| 其他分类号: | G873 | |
| 主题词: | ||
| 电子资源: | ||
| 000 | 00367nam0 2200133 450 | |
| 001 | 202012002408 | |
| 005 | 20121127152011.0 | |
| 008 | 12112701s | |
| 020 | @a9780375840593@bHARD@c$15.99 | |
| 099 | @dG873@eR499 | |
| 245 | @aSports camp @cRich Wallace | |
| 260 | 0 | @aNew York @b Alfred A. Knopf@c2010 |
| 300 | @a149p@c21cm | |
| 905 | @aTSG@b12886-7@dG873@eR499 | |
| Sports camp / Rich Wallace.-New York : Alfred A. Knopf , 2010 |
| 149p ; 21cm |
| ISBN 9780375840593HARD$15.99 |
| ● |
| 相关链接 |
|
|
|
正题名:Sports camp
索取号:G873/R499
 
预约/预借
| 序号 | 登录号 | 条形码 | 馆藏地/架位号 | 状态 | 备注 |
| 1 | 12886 | 300128868 | 社科库409/409社科库 119排4列5层/ [索取号:G873/R499] | 在馆 | |
| 2 | 12887 | 300128877 | 社科库409/409社科库 119排4列5层/ [索取号:G873/R499] | 在馆 |